000 00635nam a2200217Ia 4500
003 OSt
005 20230503154705.0
008 210423s2021 xx 000 0 und d
020 _a978-1-138-99834-6
040 _cAL
041 _aeng
082 _a659.072
_223
_bJUGA
100 _aJUGENHEIMER (Donald W);BRADLEY (Samuel D);KELLEY (Lary D);HUDSON (Jerry C)
_997318
245 _aAdvertising and public relations research
260 _aNew York
_bRoutledge
_c2021
300 _aviii,367
_bPB
365 _b1995
_cINR
650 _aAdvertising
_997319
906 _aAdvertising ; public ; relations ; research
942 _2ddc
_cBK
999 _c171017
_d171017